Dissertation research and writing for construction students / (Record no. 532218)

000 -LEADER
fixed length control field 01452cam a2200409 a 4500
001 - CONTROL NUMBER
control field 14723519
003 - CONTROL NUMBER IDENTIFIER
control field NUST
005 - DATE AND TIME OF LATEST TRANSACTION
control field 20191113124915.0
008 - FIXED-LENGTH DATA ELEMENTS--GENERAL INFORMATION
fixed length control field 070205s2007 enka b 001 0 eng d
010 ## - LIBRARY OF CONGRESS CONTROL NUMBER
LC control number 2007295529
015 ## - NATIONAL BIBLIOGRAPHY NUMBER
National bibliography number GBA657413
Source bnb
016 7# - NATIONAL BIBLIOGRAPHIC AGENCY CONTROL NUMBER
Record control number 013499768
Source Uk
020 ## - INTERNATIONAL STANDARD BOOK NUMBER
International Standard Book Number 0750682647 (pbk.)
020 ## - INTERNATIONAL STANDARD BOOK NUMBER
International Standard Book Number 9780750682640 (pbk.)
035 ## - SYSTEM CONTROL NUMBER
System control number (OCoLC)ocm70230102
035 ## - SYSTEM CONTROL NUMBER
System control number (OCoLC)70230102
038 ## - RECORD CONTENT LICENSOR
Staff Name MSOHAIL
040 ## - CATALOGING SOURCE
Original cataloging agency UKM
Transcribing agency UKM
Modifying agency BAKER
-- OHX
-- BWKUK
-- YDXCP
-- DLC
042 ## - AUTHENTICATION CODE
Authentication code lccopycat
050 00 - LIBRARY OF CONGRESS CALL NUMBER
Classification number LB2369
Item number .N27 2007
082 04 - DEWEY DECIMAL CLASSIFICATION NUMBER
Classification number 808.066624
Edition number 22
100 1# - MAIN ENTRY--PERSONAL NAME
Personal name Naoum, S. G.
Fuller form of name (Shamil G.)
9 (RLIN) 24746
245 10 - TITLE STATEMENT
Title Dissertation research and writing for construction students /
Statement of responsibility, etc. S.G. Naoum.
250 ## - EDITION STATEMENT
Edition statement 2nd ed.
260 ## - PUBLICATION, DISTRIBUTION, ETC.
Place of publication, distribution, etc. Oxford ;
-- Burlington, MA :
Name of publisher, distributor, etc. Butterworth-Heinemann,
Date of publication, distribution, etc. 2007.
300 ## - PHYSICAL DESCRIPTION
Extent xi, 209 p. :
Other physical details ill. ;
Dimensions 24 cm.
500 ## - GENERAL NOTE
General note Previous ed.: 1998.
504 ## - BIBLIOGRAPHY, ETC. NOTE
Bibliography, etc. note Includes bibliographical references and index.
650 #0 - SUBJECT ADDED ENTRY--TOPICAL TERM
Topical term or geographic name entry element Building
General subdivision Research.
9 (RLIN) 24747
650 #0 - SUBJECT ADDED ENTRY--TOPICAL TERM
Topical term or geographic name entry element Dissertations, Academic.
9 (RLIN) 3658
650 #0 - SUBJECT ADDED ENTRY--TOPICAL TERM
Topical term or geographic name entry element Technical writing.
9 (RLIN) 7391
856 41 - ELECTRONIC LOCATION AND ACCESS
Materials specified Table of contents only
Uniform Resource Identifier <a href="http://www.loc.gov/catdir/toc/fy0709/2007295529.html">http://www.loc.gov/catdir/toc/fy0709/2007295529.html</a>
856 42 - ELECTRONIC LOCATION AND ACCESS
Materials specified Publisher description
Uniform Resource Identifier <a href="http://www.loc.gov/catdir/enhancements/fy0708/2007295529-d.html">http://www.loc.gov/catdir/enhancements/fy0708/2007295529-d.html</a>
906 ## - LOCAL DATA ELEMENT F, LDF (RLIN)
a 7
b cbc
c copycat
d 3
e ncip
f 20
g y-gencatlg
942 ## - ADDED ENTRY ELEMENTS (KOHA)
Source of classification or shelving scheme
Koha item type Book
Holdings
Withdrawn status Lost status Source of classification or shelving scheme Damaged status Not for loan Permanent Location Current Location Date acquired Total Checkouts Full call number Barcode Date last seen Price effective from Koha item type
          School of Civil and Environmental Engineering (SCEE) School of Civil and Environmental Engineering (SCEE) 11/13/2019   808.066624 NIT-12149 11/13/2019 11/13/2019 Book
© 2023 Central Library, National University of Sciences and Technology. All Rights Reserved.